000 00629nam a2200169 a 4500
001 000029379
005 20200930055517.0
008 110415s2008 dr ac 000 0 spa d
020 _a9788480126311
040 _aDO-SdBNP
_bspa
_cBNPHU
082 _axxx
_bC114c
100 1 _aCabezas Esteban, Antonio,
_d1937-
_956258
245 1 0 _aColor a tierra :
_bPintura Latinoaméricana en el macuto de un periodista descalzo /
_cAntonio Cabezas Esteban ; prólogo José Ignacio López Vigil.
260 _aSanto Domingo :
_bEdilesa,
_c2008.
300 _a81 p. :
_bil., retrs. ;
_c23 cm.
700 1 _aLópez Vigil, José Ignacio,
_epról.
_956259
999 _c28871
_d28871